000 00750nam a2200229 i 4500
001 bg
100 1 _aGRYSA, Krzysztof
245 0 0 _aZastosowania matematyki w zarządzaniu i ekonomii.
_nCz. 1,
_pElementy algebry /
_cKrzysztof Grysa.
260 _aKielce :
_bWydaw. PŚ,
_c1996.
300 _a179 s. :
_brys., wykr. ;
_c24 cm.
490 1 _a[Nauki Podstawowe / Politechnika Świętokrzyska],
_x0239-6386 ;
_v295
504 _aBibliogr. s. 179.
650 9 _aAlgebra
650 9 _aNauki ekonomiczne
_xmetody
655 _aPodręczniki akademickie
830 0 _a[Nauki Podstawowe (Politechnika Świętokrzyska]) ;
_v295
040 _cBPK
041 0 _apl
080 _a512:33](075.8)
942 _cKS
008 s pl f |000 0 pol
999 _c24901
_d24901
856 _uhttp://koha.tu.koszalin.pl/cgi-bin/koha/opac-detail.pl?biblionumber=24901
_yKatalog online BPK